000 00402pab a2200157 454500
008 180718b2008 xxu||||| |||| 00| 0 eng d
100 _aFong, Eric C. et al.
245 _aThe logic of ethnic business distribution in multiethnic cities
260 _c2008
300 _ap.497-519.
362 _aMar
650 _aEthnic groups
773 _aUrban Affairs Quarterly
908 _aN
909 _a78120
999 _c78120
_d78120